Т. 5: Советская экономика накануне и в период Великой отечественной войны 1938-1945 гг.; История социалистической экономики СССР

Bibliografiske detaljer
Parent link:История социалистической экономики СССР: в 7-ми томах/ Академия наук СССР (АН СССР), Институт экономики (ИЭ). Т. 5: Советская экономика накануне и в период Великой отечественной войны 1938-1945 гг..— , 1976-
Sprog:russisk
Udgivet: 1978
Fag:
Format: MixedMaterials Bog
KOHA link:https://koha.lib.tpu.ru/cgi-bin/koha/opac-detail.pl?biblionumber=139014

MARC

LEADER 00000nam2a2200000 4500
001 139014
005 20231031141622.0
035 |a (RuTPU)RU\TPU\book\150618 
090 |a 139014 
100 |a 20080602d1978 m y0rusy50 ca 
101 0 |a rus 
102 |a RU 
105 |a a z 000zy 
200 0 |a Т. 5: Советская экономика накануне и в период Великой отечественной войны 1938-1945 гг. 
210 |d 1978 
215 |a 566 с.  |c ил. 
461 1 |0 (RuTPU)RU\TPU\book\160436  |t История социалистической экономики СССР  |o в 7-ми томах  |f Академия наук СССР (АН СССР), Институт экономики (ИЭ)  |v Т. 5: Советская экономика накануне и в период Великой отечественной войны 1938-1945 гг.  |d 1976-  
610 1 |a история 
610 1 |a советская экономика 
610 1 |a Великая Отечественная война 1941-1945 
610 1 |a социалистическая экономика 
610 1 |a СССР 
610 1 |a экономическая история 
675 |a 33 С1  |v 3 
801 1 |a RU  |b 63413507  |c 20080602  |g PSBO 
801 2 |a RU  |b 63413507  |c 20081125  |g PSBO 
942 |c BK